Học tiếng Anh theo sơ đồ tư duy = Mind map English

Cung cấp hơn 1.500 từ vựng cơ bản cùng 1000 câu hội thoại đơn giản, dễ hiểu về các chủ đề khác nhau trong cuộc sống, giúp người mới học có thể học tiếng Anh một cách hiệu quả nhất bằng sơ đồ tư duy...

Full description

Saved in:
Bibliographic Details
Other Authors: Nguyễn Thành Yến (Dịch)
Format: Book
Language:Vietnamese
Published: Tp. Hồ Chí Minh Tổng hợp 2024
Edition:Tái bản
Subjects:
Tags: Add Tag
No Tags, Be the first to tag this record!
Institutions: Thư viện Trường Đại học Nam Cần Thơ
LEADER 01163nam a22002057a 4500
001 NCT_4_024350
008 250701b xxu||||| |||| 00| 0 vie d
999 |c 9199  |d 9199 
020 |a 9786044832555  |c 328000 
082 0 4 |2 23rd ed.  |a 428.2  |b H419T 
245 1 0 |a Học tiếng Anh theo sơ đồ tư duy =  |b Mind map English  |c Proud Poet Editorial Team ; Nguyễn Thành Yến (dịch) 
250 |a Tái bản 
260 |a Tp. Hồ Chí Minh  |b Tổng hợp  |c 2024 
300 |a 492 tr.  |b Minh hoạ  |c 19cm 
520 3 |a Cung cấp hơn 1.500 từ vựng cơ bản cùng 1000 câu hội thoại đơn giản, dễ hiểu về các chủ đề khác nhau trong cuộc sống, giúp người mới học có thể học tiếng Anh một cách hiệu quả nhất bằng sơ đồ tư duy  
653 |a Ngôn ngữ Anh 
700 1 |a Nguyễn Thành Yến  |e Dịch 
942 |2 ddc  |c BK 
952 |0 0  |1 0  |2 ddc  |4 0  |6 428_200000000000000_H419T  |7 0  |9 31113  |a 000001  |b 000001  |d 2025-07-01  |o 428.2 H419T  |p MD.24014  |r 2025-07-01  |v 328000.00  |w 2025-07-01  |y BK 
980 |a Thư viện Trường Đại học Nam Cần Thơ